Southville International School and Colleges
Your cart is empty.
  • Cart
  • Lists
    Public lists list_1 View all
    Your lists Log in to create your own lists
  • Log in to your account
  • Your cookies
  • Search history
Southville International School and Colleges
  • Advanced search
  • Recent comments
  • Most popular
  • Libraries

Log in to your account

Log in with GOOGLE


If you do not have an external account, but do have a local account, you can still log in:

  1. Home
  2. MARC view: Global business today /
Normal view MARC view ISBD view

Global business today / (Record no. 14899)

[ view plain ]
MARC details
000 -LEADER
fixed length control field 01028pam a2200325 a 4500
001 - CONTROL NUMBER
control field 97011584
003 - CONTROL NUMBER IDENTIFIER
control field PILC
005 - DATE AND TIME OF LATEST TRANSACTION
control field 20150112093446.0
008 - FIXED-LENGTH DATA ELEMENTS--GENERAL INFORMATION
fixed length control field 970321s1998 mauab b 001 0 eng
010 ## - LIBRARY OF CONGRESS CONTROL NUMBER
LC control number 97011584
020 ## - INTERNATIONAL STANDARD BOOK NUMBER
International Standard Book Number 9780071285506
040 ## - CATALOGING SOURCE
Original cataloging agency DLC
Transcribing agency DLC
Modifying agency DLC
050 00 - LIBRARY OF CONGRESS CALL NUMBER
Classification number HD 62.4
Item number .H645 2009
082 00 - DEWEY DECIMAL CLASSIFICATION NUMBER
Classification number G 658.049
Item number H55 2009
100 1# - MAIN ENTRY--PERSONAL NAME
Personal name Hill, Charles W. L.
9 (RLIN) 14385
245 10 - TITLE STATEMENT
Title Global business today /
Statement of responsibility, etc Charles W.L. Hill
250 ## - EDITION STATEMENT
Edition statement 6th ed.
260 ## - PUBLICATION, DISTRIBUTION, ETC. (IMPRINT)
Place of publication, distribution, etc Boston, Mass. :
Name of publisher, distributor, etc Irwin/McGraw-Hill,
Date of publication, distribution, etc 2009.
300 ## - PHYSICAL DESCRIPTION
Extent 506 pages :
Other physical details colored illustration ;
Dimensions 26 cm.
500 ## - GENERAL NOTE
General note One folded, colored map inserted.
504 ## - BIBLIOGRAPHY, ETC. NOTE
Bibliography, etc Includes bibliographical references and index.
650 #0 - SUBJECT ADDED ENTRY--TOPICAL TERM
Topical term or geographic name as entry element International business enterprises
General subdivision Management.
9 (RLIN) 23938
650 #0 - SUBJECT ADDED ENTRY--TOPICAL TERM
Topical term or geographic name as entry element International trade.
9 (RLIN) 16339
650 #0 - SUBJECT ADDED ENTRY--TOPICAL TERM
Topical term or geographic name as entry element Investments, Foreign.
9 (RLIN) 12208
650 #0 - SUBJECT ADDED ENTRY--TOPICAL TERM
Topical term or geographic name as entry element Capital market.
9 (RLIN) 23939
910 ## - USER-OPTION DATA (OCLC)
User-option data 980907/w/c;ckc
942 ## - ADDED ENTRY ELEMENTS (KOHA)
Source of classification or shelving scheme Library of Congress Classification
Koha item type Books
980 ## - EQUIVALENCE OR CROSS-REFERENCE-SERIES STATEMENT--PERSONAL NAME/TITLE [LOCAL, CANADA]
Personal name 120898
Numeration 7014
Relator term 5962
Date of a work 652649
Miscellaneous information 1
981 ## - EQUIVALENCE OR CROSS-REFERENCE-SERIES STATEMENT--CORPORATE NAME/TITLE [LOCAL, CANADA]
Subordinate unit ITB7
Date of meeting or treaty signing 40002183193
Holdings
Withdrawn status Lost status Source of classification or shelving scheme Damaged status Home library Current library Shelving location Date acquired Total Checkouts Full call number Barcode Date last seen Copy number Price effective from Koha item type
    Library of Congress Classification   Southville International School Affiliated with Foreign Universities Library Southville International School Affiliated with Foreign Universities Library Southville Foreign University Section 10/05/2013   HD 62.4 .H645 2009 SFU1511 05/15/2018 1 10/05/2013 Books
    Library of Congress Classification   Southville International School Affiliated with Foreign Universities Library Southville International School Affiliated with Foreign Universities Library Southville Foreign University Section 10/07/2013   HD 62.4 .H645 2009 SFU1512 05/15/2018 2 10/07/2013 Books

Global business today /

APA

Hill C. W. L., . (2009). Global business today. Boston, Mass: Irwin/McGraw-Hill.

Chicago

Hill Charles W L, . 2009. Global business today. Boston, Mass: Irwin/McGraw-Hill.

Harvard

Hill C. W. L., . (2009). Global business today. Boston, Mass: Irwin/McGraw-Hill.

MLA

Hill Charles W L, . Global business today. Boston, Mass: Irwin/McGraw-Hill. 2009.

  • Place hold
  • Print
  • Cite
  • Add to your cart (remove)
  • Save record
    BIBTEX Dublin Core MARCXML MARC (non-Unicode/MARC-8) MARC (Unicode/UTF-8) MARC (Unicode/UTF-8, Standard) MODS (XML) RIS
  • More searches
    Search for this title in:
    Other Libraries (WorldCat) Other Databases (Google Scholar) Online Stores (Bookfinder.com) Open Library (openlibrary.org)

Exporting to Dublin Core...

SOUTHVILLE LIBRARY

Southville International School and Colleges Library

1281 Tropical Ave. Cor. Luxembourg St., BF Homes International, Las Pinas City

Tel. No. 8256374 / 252358 Loc. 117/146

Powered by Koha